[Event "Titled Tuesday intern op 16th Jul Late"]
[White "Radhakrishnan, Sharath"]
[Black "Zienkiewicz, Jan"]
[Site "Chess.com INT"]
[Round "5"]
[Result "1/2-1/2"]
[Date "2024.07.16"]
[WhiteElo "2033"]
[BlackElo "2151"]
[PlyCount "179"]
[EventDate "2024.07.16"]
[EventType "swiss (blitz)"]
[EventRounds "11"]
[EventCountry "USA"]
[SourceTitle "EXT 2025"]
[Source "ChessBase"]
[SourceDate "2024.10.14"]
[SourceVersion "1"]
[SourceVersionDate "2024.10.14"]
[SourceQuality "1"]

1. Nf3 c5 2. g3 Nc6 3. Bg2 d5 4. d4 cxd4 5. Nxd4 Nf6 6. Nxc6 bxc6 7. c4 e6 8. Nc3 Be7 9. 0-0 0-0 10. e4 d4 11. e5 dxc3 12. exf6 Bxf6 13. Qxd8 Rxd8 14. Bxc6 cxb2 15. Bxb2 Bxb2 16. Bxa8 Bxa1 17. Rxa1 Ba6 18. Be4 Bxc4 19. a4 a5 20. Rc1 Bb3 21. Rc5 Bxa4 22. Rxa5 Bd7 23. Ra1 g6 24. Rd1 Kf8 25. Kg2 Ke7 26. Ra1 Rc8 27. h4 Rc7 28. Ra5 f5 29. Bf3 Kf6 30. Ra6 h6 31. Rb6 g5 32. hxg5+ hxg5 33. Be2 Rc2 34. Bf3 Be8 35. Rb8 Bf7 36. Rf8 Ke7 37. Rb8 Rc7 38. Rb7 Rxb7 39. Bxb7 e5 40. f4 Kf6 41. fxe5+ Kxe5 42. Ba6 Bd5+ 43. Kf2 Be4 44. Be2 Kd4 45. Bd1 Kd3 46. Ba4 Kd2 47. Bd7 Kc3 48. Be6 Kd4 49. Bd7 Ke5 50. Ba4 Bd3 51. Bd1 Ke4 52. Ba4 Kd4 53. Bd7 Be4 54. Bc8 Ke5 55. Bd7 Bd5 56. Ba4 Be6 57. Bd1 Kf6 58. Bc2 Bd5 59. Ke3 Bc6 60. Bd3 Bd7 61. Bc2 Kg7 62. Bb1 Kh6 63. Bc2 Kh5 64. Kf2 Kg4 65. Bd1+ Kh3 66. Bb3 Bc8 67. Bc2 Bd7 68. Bb3 Be8 69. Bc4 Bg6 70. Be6 Bh7 71. Bd7 Kh2 72. Bc6 Bg6 73. Bd7 Bh7 74. Bb5 Bg8 75. Bf1 Be6 76. Be2 Bd7 77. Bd3 Bc8 78. Bc4 Bd7 79. Bd5 Bc8 80. Bc6 Ba6 81. Bd7 Bd3 82. Be6 Be4 83. Bd7 Kh3 84. Bc8 Kh2 85. Bd7 Bc2 86. Bc8 Bb1 87. Bd7 Be4 88. Be6 Kh1 89. Bc8 Kh2 90. Bd7 1/2-1/2

[Event "Titled Tuesday intern op 16th Jul Early"]
[White "Rodriguez Lopez, David"]
[Black "Zienkiewicz, Jan"]
[Site "Chess.com INT"]
[Round "5"]
[Result "1/2-1/2"]
[Date "2024.07.16"]
[WhiteElo "2191"]
[BlackElo "2151"]
[PlyCount "39"]
[EventDate "2024.07.16"]
[EventType "swiss (blitz)"]
[EventRounds "11"]
[EventCountry "USA"]
[SourceTitle "EXT 2025"]
[Source "ChessBase"]
[SourceDate "2024.10.14"]
[SourceVersion "1"]
[SourceVersionDate "2024.10.14"]
[SourceQuality "1"]

1. e4 c5 2. c3 g6 3. d4 cxd4 4. cxd4 d5 5. e5 Nc6 6. h3 Bg7 7. f4 h5 8. Nf3 Nh6 9. Bd3 Bf5 10. Nc3 e6 11. Rg1 a6 12. Bxf5 Nxf5 13. g4 hxg4 14. hxg4 Nfxd4 15. Nxd4 Qh4+ 16. Kf1 Qh3+ 17. Kf2 Qh4+ 18. Kf1 Qh3+ 19. Kf2 Qh4+ 20. Kf1 1/2-1/2